00630cas a22001937a 450000500170000000800410001701000100005801100100006803500100007824500770008826000820016530000070024731000140025436200190026865000630028786600200035086600340037086600320040420220329142129.0990827d1983 ve fr pernn uub1spa d a78904 a79876 a9029100aCaña de Azúcarc/por Fondo Nacional de Investigaciones Agropecuarias0 aMaracay, Venezuela :bFondo Nacional de Investigaciones Agropecuarias,c1983- av. aSemestral av.15 n.1, 199714aCaña de azúcarzVenezuelaxPublicaciones periódicas. av.10 n.2 (1992) av.12 n.1-v.15 n.2 (1994-1997) av.3 n.2-v.9 n.2 (1985-1991)